[Event "Championnat de la Loire Top14 2007-2008"]
[Site "Loire"]
[Date "2008.01.12"]
[Round "4.5"]
[White "Bruel, Bruno"]
[Black "Doucet, Medhi"]
[Result "1-0"]
[WhiteElo "1790"]
[BlackElo "1790"]
[PlyCount "108"]
[EventDate "2008.??.??"]

1. d4 d5 2. c4 Nf6 3. cxd5 Qxd5 4. Nc3 Qd8 5. e4 e6 6. Nf3 b6 7. Bd3 Bb7 8. O-O
Nbd7 9. Bf4 a6 10. Qe2 Be7 11. Rad1 O-O 12. e5 Nd5 13. Nxd5 Bxd5 14. Bb1 g6 15.
Bh6 Re8 16. Kh1 f5 17. exf6 Bxf6 18. Ne5 Nxe5 19. dxe5 Bg7 20. Qe3 Qe7 21. Bg5
Qd7 22. Rd2 c6 23. f4 b5 24. Rf3 Qa7 25. Qxa7 Rxa7 26. Re3 Rf8 27. Rh3 Bxe5 28.
Rh4 Raf7 29. Rf2 Bf6 30. Bxf6 Rxf6 31. Kg1 g5 32. Rxh7 Bxa2 33. Bc2 Bb3 34. Ra7
Bd5 35. Rxa6 Rxf4 36. Rxf4 Rxf4 37. Ra8+ Kf7 38. Ra7+ Kf6 39. Bd3 Rd4 40. Bf1
Rb4 41. Rh7 Rxb2 42. Rh3 Rb3 43. Rh8 Kg7 44. Rh5 Kg6 45. g4 Rb1 46. Kf2 b4 47.
Bd3+ Kf6 48. Bxb1 c5 49. Rh6+ Ke5 50. Ke3 c4 51. Rh5 Kf6 52. h4 b3 53. Kd4 Be4
54. Kxe4 c3 1-0

[Event "Championnat de la Loire Top14 2007-2008"]
[Site "Loire"]
[Date "2008.01.12"]
[Round "4.6"]
[White "Minchilli, Franco"]
[Black "Maestracci, Olivier"]
[Result "0-1"]
[WhiteElo "1740"]
[BlackElo "1580"]
[PlyCount "85"]
[EventDate "2008.??.??"]

1. e4 e6 2. Nc3 d5 3. d4 Nf6 4. e5 Nfd7 5. Bd3 c5 6. Be3 cxd4 7. Bxd4 Nc6 8.
Bb5 a6 9. Bxc6 bxc6 10. Nf3 c5 11. Be3 d4 12. Bg5 Qa5 13. Nxd4 cxd4 14. Qxd4
Qxe5+ 15. Qe3 Qxe3+ 16. Bxe3 Be7 17. O-O O-O 18. Rad1 Nf6 19. h3 Bb7 20. Ne2
Rad8 21. Rc1 Nd5 22. Bd4 Nf4 23. Nxf4 Rxd4 24. Nd3 Rfd8 25. f3 a5 26. Rfe1 Rc8
27. Re2 Rxd3 28. Re5 Rd5 29. Ree1 Bf6 30. a3 Rd2 31. b4 axb4 32. axb4 Rdxc2 33.
Rxc2 Rxc2 34. Rb1 g6 35. b5 Rb2 36. Rc1 Rb1 37. Kf2 Rb2+ 38. Kg3 Be5+ 39. f4
Rxg2+ 40. Kh4 g5+ 41. Kh5 gxf4 42. Rc8+ Bxc8 43. h4 0-1

[Event "Championnat de la Loire Top14 2007-2008"]
[Site "Loire"]
[Date "2008.01.12"]
[Round "4.7"]
[White "Pareux, Marc"]
[Black "Muller, Anthony"]
[Result "1-0"]
[WhiteElo "1660"]
[BlackElo "1790"]
[PlyCount "47"]
[EventDate "2008.??.??"]

1. d4 d5 2. e4 dxe4 3. Nc3 Nf6 4. f3 exf3 5. Nxf3 Bg4 6. h3 Bxf3 7. Qxf3 Nc6 8.
Bb5 e6 9. Bg5 Be7 10. O-O-O Nd5 11. Bxe7 Kxe7 12. Rhe1 Nxc3 13. Qxc3 Qd5 14.
Bc4 Qa5 15. Qg3 Kf8 16. Re3 Ne7 17. Rf1 Nf5 18. Qf2 Kg8 19. g4 Nd6 20. Rxe6 h5
21. Re5 Qxe5 22. dxe5 Ne8 23. Qxf7+ Kh7 24. Qxh5# 1-0

[Event "Championnat de la Loire Top14 2007-2008"]
[Site "Loire"]
[Date "2008.02.09"]
[Round "5.1"]
[White "Carrot, Patrick"]
[Black "Cursoux, Gerard"]
[Result "1/2-1/2"]
[WhiteElo "1860"]
[BlackElo "2040"]
[PlyCount "132"]
[EventDate "2008.??.??"]

1. e4 c5 2. Nf3 Nc6 3. d4 cxd4 4. Nxd4 g6 5. Be3 Bg7 6. Nc3 Nf6 7. f3 O-O 8.
Qd2 d6 9. O-O-O Bd7 10. Nxc6 bxc6 11. Bh6 Bxh6 12. Qxh6 Qa5 13. g4 Be6 14. a3
Kh8 15. h4 Rg8 16. Qe3 Rab8 17. Qd4 c5 18. Qe3 Rb7 19. e5 dxe5 20. Qxe5 Qc7 21.
Qxc7 Rxc7 22. Bd3 c4 23. Be2 Rb8 24. Rd4 Rcb7 25. Bxc4 Bxc4 26. Rxc4 Rxb2 27.
Re1 e6 28. Rd1 R2b7 29. Rcd4 Kg7 30. g5 Nh5 31. Ne4 Nf4 32. Kd2 e5 33. Ra4 Rd7+
34. Ke1 Ng2+ 35. Ke2 Rc7 36. Rd2 Nxh4 37. Nd6 Ng2 38. Ra5 Re7 39. Kf2 Nf4 40.
c4 Nh3+ 41. Ke3 Nxg5 42. Rd3 h5 43. c5 Ne6 44. c6 Rb6 45. Nc8 Rc7 46. Nxb6 axb6
47. Rxe5 Rxc6 48. Rb5 Nc5 49. Rc3 Kf6 50. Kf2 Ne4+ 51. fxe4 Rxc3 52. Rxb6+ Ke5
53. a4 g5 54. a5 h4 55. a6 Kxe4 56. Rb4+ Kf5 57. Ra4 Rc8 58. a7 Ra8 59. Kf3 f6
60. Ra5+ Kg6 61. Kg4 h3 62. Kxh3 Kh5 63. Kg3 Kg6 64. Kg4 Kh6 65. Kf5 Kg7 66.
Ra6 Kh7 1/2-1/2

[Event "Championnat de la Loire Top14 2007-2008"]
[Site "Loire"]
[Date "2008.02.16"]
[Round "5.2"]
[White "Petit, Didier"]
[Black "Bruel, Bruno"]
[Result "1/2-1/2"]
[WhiteElo "1953"]
[BlackElo "1790"]
[PlyCount "61"]
[EventDate "2008.??.??"]

1. e4 c5 2. Nf3 d6 3. d4 cxd4 4. Nxd4 Nf6 5. Nc3 a6 6. Be3 e5 7. Nb3 Be6 8. Be2
Be7 9. Bf3 Nbd7 10. Nd5 b5 11. a4 bxa4 12. Rxa4 Nc5 13. Nxc5 dxc5 14. c4 Nd7
15. Bd2 Bd6 16. Qa1 O-O 17. Rxa6 Rxa6 18. Qxa6 Nb8 19. Qb7 Qd7 20. Qxd7 Bxd7
21. b4 cxb4 22. Nxb4 Nc6 23. Nxc6 Bxc6 24. O-O Ra8 25. Rc1 Bc5 26. Bc3 f6 27.
h3 Ra2 28. Bd1 Kf7 29. Kf1 g6 30. g4 f5 31. gxf5 1/2-1/2

[Event "Championnat de la Loire Top14 2007-2008"]
[Site "Loire"]
[Date "2008.02.16"]
[Round "5.3"]
[White "Garon, Pierre"]
[Black "Walter, Alain"]
[Result "1-0"]
[WhiteElo "1936"]
[BlackElo "1750"]
[PlyCount "87"]
[EventDate "2008.??.??"]

1. d4 d5 2. Bf4 Nf6 3. Nf3 e6 4. e3 Bd6 5. Ne5 O-O 6. Nd2 c5 7. c3 a6 8. Bd3
Nc6 9. Bg3 cxd4 10. exd4 Be7 11. f4 Bd7 12. O-O Rc8 13. Qc2 Na7 14. a3 Bb5 15.
f5 Bxd3 16. Qxd3 Nb5 17. fxe6 fxe6 18. Bh4 Nd6 19. Qh3 Nf5 20. Bg5 Nd7 21. Bxe7
Qxe7 22. Rae1 Nxe5 23. Rxe5 Qd7 24. Rfe1 Rf6 25. Nf3 Rh6 26. Qg4 Rg6 27. Qf4
Rf8 28. Qd2 Nd6 29. Qe2 Ne4 30. Rxe4 dxe4 31. Ne5 Qe8 32. Nxg6 Qxg6 33. Qxe4
Qxe4 34. Rxe4 Rf6 35. Re5 Kf8 36. Rc5 Rf7 37. Rc8+ Ke7 38. Rc7+ Ke8 39. Rxf7
Kxf7 40. Kf2 Ke7 41. Ke3 Kd6 42. Ke4 b6 43. c4 a5 44. b4 1-0

[Event "Championnat de la Loire Top14 2007-2008"]
[Site "Loire"]
[Date "2008.02.16"]
[Round "5.4"]
[White "Deville, Olivier"]
[Black "Guevorkian, Spartak"]
[Result "1-0"]
[WhiteElo "2005"]
[BlackElo "1900"]
[PlyCount "95"]
[EventDate "2008.??.??"]

1. d4 Nf6 2. Nf3 d5 3. c4 c6 4. e3 Bf5 5. Nc3 e6 6. Nh4 Bg6 7. Nxg6 hxg6 8. g3
Bb4 9. Bd2 Nbd7 10. Qe2 a5 11. Bg2 Nb6 12. b3 a4 13. c5 Bxc3 14. Bxc3 Nbd7 15.
b4 b5 16. cxb6 Qxb6 17. O-O O-O 18. Rab1 Qb5 19. Qc2 Nb6 20. Rfc1 Nc4 21. Bf1
Nd7 22. e4 Ndb6 23. exd5 cxd5 24. Bd2 Rfc8 25. Bf4 Qd7 26. Qe2 Na3 27. Rxc8+
Rxc8 28. Rc1 Rxc1 29. Bxc1 Nac4 30. Qg4 a3 31. Qd1 Qa7 32. Bd3 Nb2 33. Bxb2
axb2 34. Qb3 Na4 35. Bc2 Kf8 36. b5 Qa5 37. Kg2 Ke7 38. Qa3+ Ke8 39. b6 Qa8 40.
Qxa4+ Qxa4 41. Bxa4+ Kd8 42. Bc2 Kc8 43. a4 g5 44. a5 Kb7 45. Kf3 f6 46. Ke3 e5
47. dxe5 fxe5 48. Kd3 1-0

[Event "Championnat de la Loire Top14 2007-2008"]
[Site "Loire"]
[Date "2008.02.16"]
[Round "5.5"]
[White "Maestracci, Olivier"]
[Black "Vier, Serge"]
[Result "1/2-1/2"]
[WhiteElo "1580"]
[BlackElo "1670"]
[PlyCount "38"]
[EventDate "2008.??.??"]

1. e4 e6 2. d4 d5 3. Nc3 dxe4 4. Nxe4 Bd7 5. Nf3 Bc6 6. Bd3 Nd7 7. O-O Ngf6 8.
Bg5 Be7 9. Nxf6+ Nxf6 10. c3 b6 11. Re1 O-O 12. Ne5 Bb7 13. Qd2 Rc8 14. a4 c5
15. dxc5 Rxc5 16. Rad1 Nd5 17. Bxe7 Qxe7 18. Qc2 Nf6 19. f4 Qc7 1/2-1/2

[Event "Championnat de la Loire Top14 2007-2008"]
[Site "Loire"]
[Date "2008.02.16"]
[Round "5.6"]
[White "Minchilli, Franco"]
[Black "Pareux, Marc"]
[Result "1-0"]
[WhiteElo "1740"]
[BlackElo "1660"]
[PlyCount "93"]
[EventDate "2008.??.??"]

1. e4 g6 2. f4 Bg7 3. Nf3 d5 4. d4 dxe4 5. Ne5 Nf6 6. Bc4 O-O 7. O-O h5 8. Nxg6
Bg4 9. Qd2 Nc6 10. Nxf8 Kxf8 11. c3 e6 12. Qe3 Bf5 13. Nd2 Ng4 14. Qe1 Nxd4 15.
cxd4 Qxd4+ 16. Kh1 e3 17. Be2 exd2 18. Bxd2 Qxb2 19. Rc1 Rd8 20. Bc3 Bxc3 21.
Rxc3 Rd2 22. Bxg4 Bxg4 23. Qe5 c6 24. Rg3 Rf2 25. Qc5+ Ke8 26. Qxf2 Qxf2 27.
Rxf2 Ke7 28. h3 Bf5 29. a4 Kd6 30. Rb2 b6 31. Rg7 Bg6 32. g4 hxg4 33. hxg4 c5
34. f5 exf5 35. gxf5 Bh5 36. Kg2 Ke5 37. Rg5 Bd1 38. a5 Kf6 39. axb6 axb6 40.
Rg3 Kxf5 41. Rxb6 c4 42. Rc3 Bb3 43. Rf3+ Ke4 44. Rxf7 Kd3 45. Kf2 Kc2 46. Ke3
c3 47. Rf2+ 1-0

[Event "Championnat de la Loire Top14 2007-2008"]
[Site "Loire"]
[Date "2008.02.16"]
[Round "5.7"]
[White "Doucet, Medhi"]
[Black "Muller, Anthony"]
[Result "0-1"]
[WhiteElo "1790"]
[BlackElo "1790"]
[PlyCount "112"]
[EventDate "2008.??.??"]

1. c4 e5 2. e4 Bc5 3. Nf3 Nc6 4. d3 h6 5. a3 a6 6. Nc3 d6 7. Be2 f5 8. Be3 Bxe3
9. fxe3 fxe4 10. Nxe4 Bf5 11. Nc3 Bg4 12. O-O Nf6 13. Nh4 Bxe2 14. Qxe2 O-O 15.
Rf2 Qd7 16. h3 Nh7 17. Raf1 Rxf2 18. Rxf2 Nd8 19. Qf1 Ne6 20. Nf5 Rf8 21. Nd5
Rf7 22. Ng3 c6 23. Nc3 Rxf2 24. Qxf2 Nf6 25. Nge4 Nxe4 26. Nxe4 d5 27. cxd5
cxd5 28. Nd2 Nc5 29. Qf1 Qb5 30. d4 Qxb2 31. Nc4 Qb3 32. Nxe5 Qxe3+ 33. Kh1 Qe4
34. Qf7+ Kh7 35. dxc5 Qxe5 36. Qxb7 Qe1+ 37. Kh2 d4 38. Qd5 Qe3 39. Qf5+ Kh8
40. c6 Qc1 41. Qe5 Qxc6 42. Qxd4 Qc7+ 43. Kh1 Qc1+ 44. Kh2 Qxa3 45. Qc4 Qd6+
46. Kg1 Qg6 47. Kf2 a5 48. Kf3 Qf6+ 49. Ke3 Qe7+ 50. Kd3 Qb7 51. Qe4 Qxe4+ 52.
Kxe4 Kh7 53. Kd4 Kg6 54. Kc4 Kf5 55. g3 Ke4 56. Kb5 Kf3 0-1

[Event "Championnat de la Loire Top14 2007-2008"]
[Site "Loire"]
[Date "2008.03.08"]
[Round "6.1"]
[White "Garon, Pierre"]
[Black "Petit, Didier"]
[Result "1-0"]
[WhiteElo "1936"]
[BlackElo "1953"]
[PlyCount "163"]

1. d4 d5 2. Bg5 h6 3. Bh4 Nd7 4. e3 Ngf6 5. Nd2 e5 6. c3 Be7 7. Bd3 c6 8. Ne2
Qc7 9. O-O Bd6 10. Bg3 h5 11. dxe5 Nxe5 12. Bxe5 Bxe5 13. Nf3 Bg4 14. Nxe5 Qxe5
15. Qc2 h4 16. h3 Be6 17. Nd4 Bd7 18. Rfe1 O-O-O 19. c4 g5 20. Nf3 Qe7 21. Nxg5
Rdg8 22. f4 Nh5 23. Bf5 f6 24. Nf3 Ng3 25. Bxd7+ Qxd7 26. cxd5 Qxd5 27. Rad1
Qf7 28. b4 Kb8 29. Rd2 Qe7 30. e4 Qxb4 31. Rd7 Qb6+ 32. Kh2 Qa6 33. Rb1 b5 34.
Nd4 Rc8 35. Rd6 Qb7 36. Rxc6 Rxc6 37. Qxc6 Qxc6 38. Nxc6+ Kb7 39. Nd4 Nxe4 40.
Rxb5+ Kc7 41. Rb4 Nd6 42. Kg1 a6 43. Kf2 f5 44. Nf3 Kc6 45. Rb2 a5 46. Rc2+ Kd5
47. Ng5 Nc4 48. Re2 a4 49. Nf3 a3 50. Ne5 Nb2 51. Kf3 Rg8 52. Rd2+ Kc5 53. Kf2
Kb4 54. Nf3 Kc3 55. Rd5 Nd3+ 56. Kf1 Nxf4 57. Rxf5 Nxg2 58. Rb5 Ne3+ 59. Ke2
Nc4 60. Rb3+ Kc2 61. Ne1+ Kc1 62. Nd3+ Kc2 63. Nb4+ Kc1 64. Rc3+ Kb2 65. Rxc4
Rg2+ 66. Kf1 Rh2 67. Rxh4 Kc3 68. Kg1 Rb2 69. Nd5+ Kd2 70. Rc4 Rxa2 71. Nb4 Rb2
72. h4 a2 73. Nxa2 Rxa2 74. h5 Ra5 75. Rh4 Ra7 76. Kf2 Rf7+ 77. Kg3 Ke3 78. h6
Rh7 79. Kg4 Ke4 80. Kg5+ Ke5 81. Kg6 Ra7 82. h7 1-0

[Event "Championnat de la Loire Top14 2007-2008"]
[Site "Loire"]
[Date "2008.03.08"]
[Round "6.2"]
[White "Cursoux, Gerard"]
[Black "Deville, Olivier"]
[Result "1/2-1/2"]
[WhiteElo "2040"]
[BlackElo "2005"]
[Annotator "comite loire echecs"]
[PlyCount "83"]

1. e4 c5 2. Nc3 g6 3. Nf3 Bg7 4. d4 cxd4 5. Nxd4 Nc6 6. Be3 Nf6 7. f3 d5 8.
Nxc6 bxc6 9. e5 Nd7 10. f4 e6 11. Be2 Qa5 12. O-O Ba6 13. a3 Bxe2 14. Qxe2 a6
15. b4 Qc7 16. Na4 O-O 17. Bd4 a5 18. c3 Rfc8 19. Qe3 axb4 20. axb4 Qb7 21. Nc5
Nxc5 22. Bxc5 Qb5 23. Rae1 Ra2 24. Rf3 Rca8 25. f5 Ra1 26. f6 Bf8 27. Rff1 Rxe1
28. Rxe1 Bxc5 29. bxc5 Ra2 30. Kh1 Qb2 31. Rg1 Qd2 32. Qxd2 Rxd2 33. Ra1 h6 34.
g4 g5 35. Ra8+ Kh7 36. Rf8 Re2 37. Rxf7+ Kg8 38. Rc7 Rxe5 39. Rxc6 Kf7 40. Rd6
Re1+ 41. Kg2 Re4 42. Kf3 1/2-1/2

[Event "Championnat de la Loire Top14 2007-2008"]
[Site "Loire"]
[Date "2008.03.08"]
[Round "6.3"]
[White "Bruel, Bruno"]
[Black "Carrot, Patrick"]
[Result "0-1"]
[WhiteElo "1790"]
[BlackElo "1860"]
[PlyCount "76"]

1. d4 Nf6 2. c4 g6 3. Nc3 d5 4. Nf3 Bg7 5. e3 O-O 6. Bd3 a6 7. O-O dxc4 8. Bxc4
b5 9. Bd3 Bb7 10. Qe2 Nc6 11. Rd1 Nb4 12. Bb1 Rc8 13. a3 Nbd5 14. e4 Nxc3 15.
bxc3 e6 16. a4 c5 17. Ba3 Qa5 18. Bxc5 Rxc5 19. dxc5 Qxc3 20. Bd3 Qxc5 21. Rac1
Qa3 22. axb5 axb5 23. Nd4 b4 24. Rb1 Qa8 25. Rxb4 Nxe4 26. Bxe4 Bxe4 27. Nf3
Bd5 $11 28. Rdb1 Rc8 29. Qd1 Bf8 30. Qa4 Bxb4 31. Qxb4 Bxf3 32. gxf3 Qxf3 33.
Qe1 Qg4+ 34. Kf1 Qh3+ 35. Kg1 Rc5 36. Rb8+ Kg7 37. Qa1+ Kh6 38. Qe1 Rg5+ 0-1

[Event "Championnat de la Loire Top14 2007-2008"]
[Site "Loire"]
[Date "2008.03.08"]
[Round "6.4"]
[White "Walter, Alain"]
[Black "Maestracci, Olivier"]
[Result "1-0"]
[WhiteElo "1750"]
[BlackElo "1580"]
[PlyCount "65"]

1. e4 e6 2. Bb5 c6 3. Ba4 b5 4. Bb3 d5 5. exd5 cxd5 6. d4 a5 7. c3 Nc6 8. Nf3
Ba6 9. O-O Be7 10. Re1 Nf6 11. Bg5 h6 12. Bh4 Ne4 13. Bxe7 Nxe7 14. Nbd2 Nf6
15. Ne5 O-O 16. Bc2 Qd6 17. Ndf3 Rac8 18. a3 Rc7 19. Nd2 Rfc8 20. Nb3 b4 21.
axb4 axb4 22. Nc5 Bb5 23. Qf3 bxc3 24. bxc3 Qd8 25. Nxf7 Kxf7 26. Nxe6 Qd6 27.
Nxc7 Rxc7 28. h4 Bd7 29. Re5 Ng6 30. Qg3 Ne4 31. Bxe4 dxe4 32. Rf5+ Ke7 33.
Rf7+ 1-0

[Event "Championnat de la Loire Top14 2007-2008"]
[Site "Loire"]
[Date "2008.03.08"]
[Round "6.5"]
[White "Vier, Serge"]
[Black "Minchilli, Franco"]
[Result "1/2-1/2"]
[WhiteElo "1670"]
[BlackElo "1740"]
[PlyCount "43"]

1. d4 Nf6 2. Nf3 d5 3. c4 e6 4. Nc3 Bb4 5. Bg5 O-O 6. cxd5 exd5 7. e3 Qd6 8.
Bf4 Qe7 9. Qc2 Ne4 10. Bd3 Bf5 11. O-O c6 12. a3 Bxc3 13. bxc3 Nd7 14. Ne5 Nxe5
15. Bxe5 f6 16. Bg3 Nxg3 17. hxg3 Be4 18. Bxe4 dxe4 19. Qb3+ Kh8 20. Rab1 b6
21. Rfd1 Rad8 22. c4 $11 1/2-1/2

[Event "Championnat de la Loire Top14 2007-2008"]
[Site "Loire"]
[Date "2008.03.08"]
[Round "6.6"]
[White "Muller, Anthony"]
[Black "Guevorkian, Spartak"]
[Result "1-0"]
[WhiteElo "1790"]
[BlackElo "1900"]
[PlyCount "73"]

1. e4 c5 2. Nf3 Nc6 3. c3 e6 4. d4 cxd4 5. cxd4 Nf6 6. Nc3 Bb4 7. Bd3 d5 8. Qc2
dxe4 9. Bxe4 Nxd4 10. Qa4+ Qd7 11. Qxb4 Nxe4 12. Qxd4 Qxd4 13. Nxd4 Nxc3 14.
bxc3 Bd7 15. Bb2 e5 16. Nb3 b6 17. O-O-O Be6 18. f3 f6 19. Rd6 Kf7 20. Rc6 Rhc8
21. Rxc8 Rxc8 22. Rf1 a5 23. f4 e4 24. Kb1 Bc4 25. Re1 f5 26. Nd4 g6 27. a3 Kf6
28. Kc2 a4 29. Kd2 h6 30. Ke3 Rg8 31. Kf2 g5 32. Bc1 g4 33. Be3 Rc8 34. Rb1 Rb8
35. Nc6 Rc8 36. Rxb6 Bd5 37. Na7+ 1-0

[Event "Championnat de la Loire Top14 2007-2008"]
[Site "Loire"]
[Date "2008.03.08"]
[Round "6.7"]
[White "Doucet, Medhi"]
[Black "Pareux, Marc"]
[Result "0-1"]
[WhiteElo "1790"]
[BlackElo "1660"]
[PlyCount "62"]

1. c4 g6 2. e4 Bg7 3. g3 d6 4. Bg2 e5 5. Ne2 f5 6. exf5 gxf5 7. Nbc3 Nf6 8. f4
e4 9. d3 Qe7 10. dxe4 Nxe4 11. Nxe4 fxe4 12. O-O Nc6 13. Qc2 Bf5 14. Be3 O-O-O
15. Rad1 h5 16. Nd4 Nxd4 17. Bxd4 Bxd4+ 18. Rxd4 Rde8 19. Re1 Qf6 20. Qd2 Qg6
21. Qe3 h4 22. Kf2 hxg3+ 23. Qxg3 Qf6 24. Qc3 Rxh2 25. Rd3 Qh4+ 26. Rg3 Qxf4+
27. Kg1 Qh6 28. Qe3 Kb8 29. Qd4 Qh7 30. Rxe4 Rxg2+ 31. Rxg2 Bxe4 0-1

[Event "Championnat de la Loire Top14 2007-2008"]
[Site "Loire"]
[Date "2008.04.05"]
[Round "7.1"]
[White "Walter, Alain"]
[Black "Cursoux, Gerard"]
[Result "0-1"]
[WhiteElo "1750"]
[BlackElo "2040"]
[PlyCount "52"]

1. e4 c5 2. Nf3 g6 3. d4 cxd4 4. Nxd4 Nf6 5. Nc3 Nc6 6. Be3 Bg7 7. Be2 O-O 8.
Qd2 d5 9. Nxc6 bxc6 10. exd5 cxd5 11. Bh6 d4 12. Bxg7 Kxg7 13. Nb5 e5 14. f3
Qb6 15. b3 Be6 16. a4 Nd5 17. Bc4 Rac8 18. c3 a6 19. Nxd4 exd4 20. cxd4 Nb4 21.
Rc1 Rfd8 22. Ke2 Rxd4 23. Qe3 Bxc4+ 24. Rxc4 Rcxc4 25. bxc4 Qf6 26. Rb1 Rxc4
0-1

[Event "Championnat de la Loire Top14 2007-2008"]
[Site "Loire"]
[Date "2008.04.05"]
[Round "7.2"]
[White "Deville, Olivier"]
[Black "Garon, Pierre"]
[Result "1-0"]
[WhiteElo "2005"]
[BlackElo "1936"]
[PlyCount "117"]

1. d4 d5 2. Nf3 Nf6 3. c4 c6 4. e3 a6 5. Qc2 e6 6. Nbd2 Nbd7 7. Bd3 Bd6 8. O-O
O-O 9. e4 dxe4 10. Nxe4 Nxe4 11. Bxe4 h6 12. Bh7+ Kh8 13. Bd3 c5 14. Qe2 Nf6
15. b3 cxd4 16. Bb2 Bc5 17. Rad1 Qc7 18. Nxd4 b6 19. Nf3 Bb7 20. Bxf6 gxf6 21.
Be4 Bxe4 22. Qxe4 Rad8 23. Nd4 f5 24. Qh4 Kg7 25. Rd3 Bxd4 26. Rxd4 Rxd4 27.
Qxd4+ e5 28. Qd3 Kg6 29. Rd1 Re8 30. Qd6+ Qxd6 31. Rxd6+ Re6 32. Rxe6+ fxe6 33.
Kf1 e4 34. Ke2 Kf6 35. g3 Ke5 36. Ke3 a5 37. a3 Kd6 38. b4 e5 39. g4 axb4 40.
axb4 fxg4 41. Kxe4 Ke6 42. c5 b5 43. c6 Kd6 44. c7 Kxc7 45. Kxe5 Kc6 46. Ke6 h5
47. Ke5 h4 48. Ke6 h3 49. Ke5 Kd7 50. Kd5 Ke7 51. Kc5 Kf6 52. Kxb5 Kf5 53. Kc4
Kf4 54. b5 Kf3 55. b6 Kxf2 56. b7 g3 57. b8=Q g2 58. Qg3+ Ke2 59. Kc3 1-0

[Event "Championnat de la Loire Top14 2007-2008"]
[Site "Loire"]
[Date "2008.04.05"]
[Round "7.3"]
[White "Petit, Didier"]
[Black "Carrot, Patrick"]
[Result "0-1"]
[WhiteElo "1953"]
[BlackElo "1860"]
[PlyCount "88"]

1. d4 Nf6 2. Nf3 g6 3. Bf4 Bg7 4. e3 O-O 5. h3 d6 6. Nbd2 Nbd7 7. c3 Re8 8. Bc4
e5 9. dxe5 Nxe5 10. Be2 b6 11. Nc4 Nfd7 12. a4 Ba6 13. Bxe5 Nxe5 14. Qb3 Bxc4
15. Bxc4 Nxf3+ 16. gxf3 Qd7 17. h4 Re5 18. f4 Rc5 19. Be2 Re8 20. h5 Qe6 21.
Qd1 Qe4 22. Rh4 g5 23. Rg4 Qh1+ 24. Bf1 Qxh5 25. Bg2 gxf4 26. Rxf4 Qh2 27. Kf1
Rg5 28. Qf3 Qh5 29. Qc6 Rge5 30. Qxc7 R5e7 31. Qc6 Be5 32. Rf3 Kf8 33. Rh3 Qg6
34. Be4 f5 35. Bf3 Qg8 36. Bd5 Qg4 37. Rh1 f4 38. exf4 Bxf4 39. Bf3 Qf5 40. Qb5
Re5 41. Qc6 Qd3+ 42. Kg2 Rg5+ 43. Kh3 Qf5+ 44. Kh4 Qg6 0-1

[Event "Championnat de la Loire Top14 2007-2008"]
[Site "Loire"]
[Date "2008.04.05"]
[Round "7.4"]
[White "Minchilli, Franco"]
[Black "Bruel, Bruno"]
[Result "1-0"]
[WhiteElo "1740"]
[BlackElo "1790"]
[PlyCount "113"]

1. e4 c5 2. Nc3 d6 3. Nge2 Nc6 4. d4 cxd4 5. Nxd4 Nf6 6. Bb5 Bd7 7. O-O g6 8.
Be3 Bg7 9. a3 O-O 10. Bc4 a6 11. Nce2 Nxe4 12. c3 Qc7 13. Ba2 Nf6 14. Rc1 e5
15. Nc2 d5 16. Bb1 Be6 17. Ng3 e4 18. Nd4 Bg4 19. Qd2 Ne5 20. Bf4 Nc4 21. Bxc7
Nxd2 22. Rfe1 Nc4 23. Rc2 Bh6 24. Nge2 Nd7 25. h3 Bxe2 26. Rcxe2 Rfe8 27. Ba2
Nde5 28. Bxe5 Nxe5 29. Bxd5 Nd3 30. Rb1 Nf4 31. Bxb7 Nxe2+ 32. Nxe2 Ra7 33. Bc6
Ree7 34. Bd5 Kg7 35. Kf1 Re5 36. c4 f5 37. b4 f4 38. Nc3 e3 39. a4 exf2 40.
Kxf2 Rae7 41. Bf3 Bg5 42. Ne2 Bh4+ 43. Kf1 Re3 44. c5 Ra3 45. b5 axb5 46. axb5
Rea7 47. Nxf4 Ra1 48. Rxa1 Rxa1+ 49. Ke2 Ra5 50. b6 Kf7 51. c6 Bd8 52. c7 Bxc7
53. bxc7 Rc5 54. Nd5 h5 55. Kd3 Ke8 56. Kd4 Rc1 57. Be4 1-0

[Event "Championnat de la Loire Top14 2007-2008"]
[Site "Loire"]
[Date "2008.04.05"]
[Round "7.5"]
[White "Vier, Serge"]
[Black "Muller, Anthony"]
[Result "0-1"]
[WhiteElo "1670"]
[BlackElo "1790"]
[PlyCount "74"]

1. d4 d5 2. c4 c6 3. Nc3 Nf6 4. Nf3 Bg4 5. Ne5 Bh5 6. Qb3 b6 7. Bf4 e6 8. e3
Bd6 9. cxd5 Bxe5 10. Bxe5 cxd5 11. Nb5 O-O 12. Nc7 Nc6 13. Nxa8 Qxa8 14. Bg3
Na5 15. Qa4 Rc8 16. Bd3 Nc4 17. Qb3 Bg6 18. Bxg6 hxg6 19. Ke2 Rc6 20. Rhc1 Qc8
21. Rc2 Qa6 22. Qd3 b5 23. b3 Na3 24. Rc5 Rxc5 25. dxc5 Qc6 26. Rc1 b4 27. f3
Nb5 28. Be5 Nd7 29. Bb2 a5 30. e4 Nf6 31. exd5 Nxd5 32. Qc4 Kf8 33. Qh4 f6 34.
Qg3 Kf7 35. Qf2 Nf4+ 36. Kd2 Qd5+ 37. Kc2 Qd3# 0-1

[Event "Championnat de la Loire Top14 2007-2008"]
[Site "Loire"]
[Date "2008.04.05"]
[Round "7.6"]
[White "Maestracci, Olivier"]
[Black "Doucet, Medhi"]
[Result "1-0"]
[WhiteElo "1580"]
[BlackElo "1790"]
[PlyCount "41"]

1. e4 c5 2. Nf3 Nc6 3. d4 cxd4 4. Nxd4 e6 5. Be2 Bc5 6. Nb3 Qb6 7. O-O Nd4 8.
Nxc5 Qxc5 9. Be3 Nxe2+ 10. Qxe2 Qe5 11. Nc3 Nf6 12. f4 Qh5 13. Qxh5 Nxh5 14. e5
f6 15. Nb5 Kd8 16. Bxa7 f5 17. Bb6+ Ke7 18. a4 Ra6 19. a5 Rxb6 20. axb6 Rd8 21.
Nd6 1-0

[Event "Championnat de la Loire Top14 2007-2008"]
[Site "Loire"]
[Date "2008.04.05"]
[Round "7.7"]
[White "Guevorkian, Spartak"]
[Black "Pareux, Marc"]
[Result "1-0"]
[WhiteElo "1900"]
[BlackElo "1660"]
[PlyCount "49"]

1. d4 g6 2. Nf3 Bg7 3. Bf4 d5 4. e3 Nf6 5. c3 Nbd7 6. Nbd2 O-O 7. Be2 Re8 8.
Ne5 Ne4 9. Nxe4 dxe4 10. Qc2 f5 11. Rd1 c6 12. Qb3+ e6 13. Nc4 Bf8 14. h4 Nf6
15. h5 Nd5 16. hxg6 hxg6 17. Be5 Bg7 18. Kd2 Rf8 19. Bxg7 Kxg7 20. Rh3 f4 21.
Rdh1 fxe3+ 22. fxe3 Nf6 23. Ne5 c5 24. Rg3 cxd4 25. Rxg6# 1-0